| 000 | 00852 a2200241 4500 | ||
|---|---|---|---|
| 001 | 14096 | ||
| 005 | 20260407155446.0 | ||
| 008 | 260407a1996 arg spa d | ||
| 003 | AR-UNSa-BCEJYS | ||
| 040 |
_aAR-UNSa-BCEJYS _bspa _cAR-UNSa-BCEJYS |
||
| 080 |
_a657.6 _xAuditoria (control interno) |
||
| 245 | 1 | 0 |
_aNormas de auditoría _pmanual de aplicación de la RT 7 |
| 020 | _a950-537-361-9 | ||
| 264 | 1 |
_aBuenos Aires : _bEdiciones Macchi _c1996 |
|
| 300 |
_a130 p. _c22 cm. |
||
| 505 | _a1. Normas de la RT 7 - 2. El informe del auditor ante el decreto 316/95 | ||
| 942 | _cBK | ||
| 590 | _aniveau_biblio:m niveau_hierar:0 | ||
| 100 | 1 | _aFowler Newton, Enrique | |
| 650 | _aRESOLUCION TECNICA Nº 7 | ||
| 856 | 4 | 1 |
_uhttps://biblioeco.unsa.edu.ar/pmb/images/libros/L85820.jpg _yImagen de portada _qimage/jpeg |
| 650 | _a resolucion tecnica nº 7 | ||
| 999 |
_c572 _d572 |
||